Hodnotenie fiškálnej politiky počas pandémie COVID-19 bakalárska práca

Na minha lista:
Detalhes bibliográficos
Autor principal: Hírešová, Natália
Autor Corporativo: Národohospodárska fakulta EU. Katedra financií
Outros Autores: Krcho, Daniel, 1995-
Formato: Livro
Idioma:eslovaco
Publicado em: Bratislava 2023
Tags: Adicionar Tag
Sem tags, seja o primeiro a adicionar uma tag!

MARC

LEADER 00000nbm a2200000 4500
001 0294607
005 20231109125836.4
041 0 |a slo 
044 |a SK 
245 1 0 |a Hodnotenie fiškálnej politiky počas pandémie COVID-19  |b bakalárska práca  |c Natália Hírešová ; školiteľ: Daniel Krcho 
264 1 |a Bratislava  |c 2023 
300 |a 58 s. 
100 1 |a Hírešová, Natália 
700 1 |a Krcho, Daniel, 1995- 
710 2 |a Národohospodárska fakulta EU. Katedra financií